000 00643cam a2200277 4500
001 J1442
008 090401t1993 xxu||||| |||| 00| 0 eng d
035 _a(Sirsi) u43477
041 _aeng
050 _a333.337
110 _aGrimley J R Eve
_9610
245 _aOffices commentary. - Spring 1993
260 _aLondon
_bGrimley J R Eve
_c1993
300 _a8p. ; 30cm.
350 _a0
650 _aBIRMINGHAM
650 _aBRISTOL
650 _aEDINBURGH
650 _aGLASGOW
650 _aLEEDS
650 _aLONDON
650 _aMANCHESTER
690 _aPROPERTY-COMMERCIAL PROPERTY
942 _n0
948 _c04/03/1997
999 _c91337
_d91337